| 000 | 01142cam a2200349 4500 | ||
|---|---|---|---|
| 001 | a4733782 | ||
| 003 | DO-SdBNP | ||
| 005 | 20180510143440.0 | ||
| 008 | 100422s2010 sp a | |||| 001 0 spa | ||
| 015 | _aMON1005 | ||
| 017 |
_aB 2936-2010 _bOficina Depósito Legal Barcelona _zB 2936-LIII |
||
| 020 | _a9788449440892 | ||
| 040 |
_aBPMSU _bspa _cBPMSU |
||
| 041 | 1 |
_aspa _h |
|
| 082 | 4 |
_a747 _bI19p |
|
| 130 | 0 |
_aCreare ad arte in casa _lEspañol |
|
| 240 |
_aCreare ad arte in casa _lEspañol |
||
| 245 | 1 | 0 |
_aMil ideas prácticas para el hogar : _bcocina, reparaciones, ahorro, decoración, costura, organización, seguridad, bricolaje, celebraciones/ _cedición, María Villalba _h |
| 260 |
_aBarcelona : _bOcéano, _c 2010 |
||
| 300 |
_a479 p. : _bil. ; _c27 cm |
||
| 500 | _aÍndice | ||
| 650 | 4 |
_aECONOMIA DOMÉSTICA _2 |
|
| 650 | 4 | _aDECORACIÓN DE INTERIORES | |
| 650 | 4 | _aCOCINA | |
| 650 | 4 | _aCOSTURA | |
| 650 | 4 | _aHOGAR | |
| 700 | 1 | 2 |
_aVillalba, María _d1958- |
| 910 | _aValidado. Control de calidad MFF | ||
| 942 |
_2ddc _cBK |
||
| 945 | _aInventariado, 2017 /VM | ||
| 956 |
_aVMATEO _b10 _c20160624 _dBPMSU _f0069 |
||
| 999 |
_c10578 _d10578 |
||